000
00263nam a2200109 a 4500
005
20140414131957.0
008
110209s19uu xx 00 eng d
050
_a
TR 551.55
_b
M36 2006
100
_a
Martin, Justin McCory
245
_a
Tornadoes!.
999
_c
112956
_d
112956